000 00534nmm a2200169Ia 4500
008 251105s9999||||xx |||||||||||||||||und||
020 _a9788498798340
041 _aspa
100 _aLuce López-Baralt
245 0 _aLa cima del éxtasis :
_b y una fuente infinita en Medina al-Zahra'
264 _a[Madrid, España] :
_bTrotta Editorial,
_c2020
300 _a242 páginas
490 _aEstructuras y Procesos. Religión
650 _aPhilosophy, Ethics
856 _uhttps://public.digitaliapublishing.com/a/67465
942 _cCF
999 _c92065
_d92065